000 01931nam a2200469 a 4500
999 _c108404
_d108404
003 BLK
005 20240418163241.0
008 180409b bul|||||r ||||||| ||bul||
010 _aKNG00113708000
020 _a954-8560-79-8
040 _aBLK
041 _aBUL
_cBUL
080 _aРодинознание
_b372.48
_x(076)
_z372.48(076)
139 _aПетрова, Надя Минчева и др.
_bП 47
245 1 0 _aОбичам България
_bЕнциклопедия по родинознание
_cтекст Надя Минчева Петрова; текст Пламен Георгиев Абаджиев; худож. Огнян Балканджиев.
257 _aBGR
260 _bПарнас
_c2006
_fРусе : Дунав прес
_aРусе
300 _a96 с.
_bс ил., к.
_c28 см
380 _a3
490 _aБиблиотека Аз съм българче
_9201519
650 4 _aРодинознание - учебни помагала
_9246598
651 4 _aБългария
_9241624
653 _aродинознание
653 _aприродни забележителности
653 _aисторически паметници
653 _aградове
653 _aкурорти
653 _aнародни обичаи
653 _aстихотворения
653 _aучебни помагала
653 _aначални училища
700 1 _aПетрова, Надя Минчева
_eтекст
_9366224
700 _aАбаджиев, Пламен Георгиев
_d1955 -
_gПублицист, новелист
_9250128
700 _aБалканджиев, Огнян Георгиев
_9364857
852 _aЦб ІІ 12661
856 4 _qpdf
856 4 _qpdf
942 _cKNG
_n0
_04
_s1
944 _aCR
_c22.06.2004
_lСевдалина Тодорова
_k30540
944 _aED
_c29.09.2011
_lф /
999 _d108404